| 000 | 00735nmm a2200265 a 4500 | ||
|---|---|---|---|
| 003 | AR-BaBNM | ||
| 005 | 20251128205117.0 | ||
| 008 | 011101s1994 ||||||||||||||000 | spa|| | ||
| 020 | _a950-01-0501-2 | ||
| 040 | _cAR-BaBNM | ||
| 100 | 1 | _aBelinco, María Elena | |
| 245 | 1 | 0 |
_aTa... te... ¡títeres! _buna forma diferente de comunicarnos y jugar |
| 250 | _a1ª ed. | ||
| 260 |
_aBuenos Aires _bEstrada _c1994 |
||
| 300 |
_a78 p. _bil., mapas |
||
| 650 | 4 | _aEDUCACION ARTISTICA | |
| 650 | 4 | _aARTES ESCENICAS | |
| 650 | 4 | _aTEATRO ESCOLAR | |
| 650 | 4 | _aDESARROLLO DE LA CREATIVIDAD | |
| 650 | 4 | _aRECURSOS EDUCACIONALES | |
| 653 | _aTITERES | ||
| 700 | 1 |
_aPucci, Julia Marta _ecoordinador |
|
| 942 | _cBK | ||
| 998 | _cCarmen | ||
| 999 |
_c10028 _d10028 |
||